| 000 | 01662cam a22004934i 4500 | ||
|---|---|---|---|
| 003 | PE-LiUPU | ||
| 005 | 20250731180057.0 | ||
| 008 | 150617s r 000 0 d | ||
| 020 | _a9581700188 | ||
| 035 | _a(Sirsi) i9789581700189 | ||
| 040 |
_aPE-LiUPU _bspa _cPE-LiUPU _erda |
||
| 049 | _aPRUA | ||
| 082 | 0 | 4 |
_a539 _bG25 _221 |
| 245 | 0 | 0 |
_aIntroducción a la física moderna. / _ceditores; Mauricio García Castañeda., Jeannine Ewert De-Geus, |
| 264 | 1 |
_aBogotá : _bUniversidad Nacional de Colombia, _c1987. |
|
| 300 |
_a427 páginas ; _c25 centímetros |
||
| 336 |
_atext _2rdacontent |
||
| 337 |
_aunmediated _2rdamedia |
||
| 338 |
_avolume _2rdacarrier |
||
| 504 | _aIncluye bibliografía. | ||
| 505 | 0 | _aTeoría de la relatividad especial -- radiación del cuerpo negro -- Propiedades corpusculares de la radiación -- Espectroscopia y modelos atómicos -- Rayos X -- Propiedades ondulatorias de la materia -- Mecánica cuántica ondulatoria -- Oscilador armónico -- Momentos angulares -- Elementos de la física nuclear -- Elementos de la física del estado sólido. | |
| 526 | _aSEG44 | ||
| 526 | _aSEG26 | ||
| 526 | _aP159 | ||
| 526 | _aP155 | ||
| 526 | _aP154 | ||
| 526 | _aP153 | ||
| 526 | _aP150 | ||
| 526 | _aP100 | ||
| 526 | _aP31 | ||
| 526 | _aP30 | ||
| 526 | _aP26 | ||
| 526 | _aP25 | ||
| 526 | _aP24 | ||
| 526 | _aP22 | ||
| 526 | _aP15 | ||
| 526 | _aP10 | ||
| 650 | 0 | 4 | _aFISICA. |
| 700 |
_aGarcía Castañeda, Mauricio, _eeditor. _96125 |
||
| 700 |
_aJeannine Ewert De-Geus, _eeditor. _96126 |
||
| 942 |
_2ddc _cBK |
||
| 980 |
_81 _gALBERTO SANCHEZ Responsable de Automatización |
||
| 999 |
_c10583 _d10583 |
||